000 00969nam0a22002531 4500
001 rc\523665
005 20260407100958.0
035 _a(NLR Aleph) 005762591
090 _a4955063
_c4955063
100 _a20030616d1988 |||y0rusy50 ca
101 0 _arus
102 _aRU
105 _ay |||||||||
200 1 _aПоражение органов пищеварения у детей
_eСб. науч. работ
_fТом. гос. мед. ин-т, Алт. гос. мед. ин-т им. Ленинского комсомола
_g[Редкол.: А.С. Оберт (гл. ред.) и др.]
210 _aТомск
_cТГМИ
_d1988
215 _a123, [1] с.
_d20
320 _aБиблиогр. в конце ст.
702 1 _aОберт
_bА.С.
_4340
712 0 2 _aТомский медицинский институт
_3RU\NLR\AUTH\889927905
_9351426
801 0 _aRU
_bNLR
_gpsbo
801 1 _aRU
_bELAR
_2rusmarc
852 _aNLR
_j88-3/14966
942 _cBOOK
980 _aNB